000 00500nam a22002177a 4500
003 UA-OsUOA
001 37022
007 ta
008 20060222b un ||||| |||| 00| 0 ukr d
100 _aДем'янчук Б.
090 _a32
_bД11
942 _cSA
040 _aUA-OsUOA
_bukr
_cUA-OsUOA
_dUA-OsUOA
245 _aКулак для чесних виборів
300 _aС.7
955 _a0
041 _aukr
080 _a32
773 0 _w37021
650 7 _a32 Політика
_2UDC
999 _c323248
_d323248